01588nam a2200277 a 450000100100000000500170001000800410002702000180006804000250008608200200011110000400013124501250017126000360029630000270033249000730035950001230043250000770055550001370063259000270076971000630079683000800085995201180093995201180105795201180117599900170129300004671120201002053050.0180320s2015 dr a 000 0 spa d a9789945901030 aDO-SdBNPbspacBNPHU axxxbI37g, 2do.1 aIncháustegui, Maria Isabel92956810aGuía de estudio del taller 2 :btextos, niveles de escritura y conciencia fonológica /cMaria Isabel Incháustegui. aSanto Domingo :bMINERD,c2015. a20 p. :bil., ;c28cm.1 aDesarrollo profesional docente. Enseñanza de la lengua española. aPolítica de apoyo a los aprendizajes de los primeros grados del nivel primario en lectura, escritura y matemática. aRegional educativa 05 San Pedro de Macorís, 12 Higuey y 17 Monte Plata aA la cabeza del titulo: Desarrollo Profesional Docente. Capacitación de Docentes para la Enseñanza de la Lectura y la Escritura. aInventariado, 2018/MFF1 aRepública Dominicana.bMinisterio de Educación.943100 0aDesarrollo profesional docente. Enseñanza de la lengua española.974657 0010718PDaGRbGRcHDd2018-03-20iLF1l0oxxx I37g, 2do.p46711-30r2020-06-25w2020-06-25yLFPDZNo se presta 0010718PDaPDbPDcHDd2018-03-20iLF1l0oxxx I37g, 2do.p46711-10r2020-06-25w2020-06-25yLFPDZNo se presta 0010718PDaPDbPDcHDd2018-03-20iLF1l0oxxx I37g, 2do.p46711-20r2020-06-25w2020-06-25yLFPDZNo se presta c46200d46200